Statystyki dla 15 największych miast w województwie opolskim

Kliknij tutaj aby rozwiązać quiz!

Ogólne statystyki

  • Ten quiz został rozwiązany 43 razy
  • Średni wynik to 10 z 15

Statystyki odpowiedzi

MieszkańcyMiasto% Poprawnych
128 012Opole
100%
60 383Kędzierzyn-Koźle
90%
43 580Nysa
85%
35 491Brzeg
79%
17 766Strzelce Opolskie
74%
20 887Prudnik
69%
12 468Głubczyce
67%
23 396Kluczbork
67%
16 650Namysłów
64%
13 435Głuchołazy
62%
16 105Krapkowice
62%
9 374Olesno
49%
8 524Ozimek
44%
11 370Zdzieszowice
38%
8 520Grodków
28%

Rozkład punktacji

Percentyl według liczby udzielonych odpowiedzi

Procent ludzi z każdym wynikiem

Twoja historia wyników

Nie rozwiązałeś tego quizu